Subversion of Nehruvian Economics: (Record no. 201552)
[ view plain ]
| 000 -LEADER | |
|---|---|
| fixed length control field | 00544nam a22001697a 4500 |
| 010 ## - LCCN (DPL NO) | |
| LC control number | ENG-139730 |
| 020 ## - INTERNATIONAL STANDARD BOOK NUMBER | |
| Terms of availability | 200.00 |
| 035 ## - SYSTEM CONTROL NUMBER | |
| System control number | EN-123262 |
| 037 ## - SOURCE OF ACQUISITION | |
| Source of stock number/acquisition | DBAD |
| 082 ## - DEWEY DECIMAL CLASSIFICATION NUMBER | |
| Classification number | 330.954 |
| 100 ## - MAIN ENTRY--PERSONAL NAME | |
| Personal name | Ghodke, N.B |
| 245 ## - TITLE STATEMENT | |
| Title | Subversion of Nehruvian Economics: |
| Remainder of title | a critique of economic reforms / |
| Statement of responsibility, etc | by N.B. Ghodke |
| 260 ## - PUBLICATION, DISTRIBUTION, ETC. (IMPRINT) | |
| Place of publication, distribution, etc | Karnataka |
| Name of publisher, distributor, etc | Vijayalakshmi Prakashana |
| Date of publication, distribution, etc | 2016 |
| 270 ## - ADDRESS | |
| Address | Shree Renuka' 5th Cross Laxmi Nagar Dharwad, |
| City | Karnataka |
| Postal code | 580004 |
| 300 ## - PHYSICAL DESCRIPTION | |
| Extent | 160p. |
| Dimensions | 21cm(pbk) |
| 942 ## - ADDED ENTRY ELEMENTS (KOHA) | |
| Source of classification or shelving scheme | Dewey Decimal Classification |
| Item type | English Books |
| Classification part | 330.954 |
| Call number suffix | GHO |
| Withdrawn status | Lost status | Not for loan | Collection code | Home library | Current library | Date acquired | Source of acquisition | Cost, normal purchase price | Full call number | Barcode | Copy number | Cost, replacement price | Koha item type |
|---|---|---|---|---|---|---|---|---|---|---|---|---|---|
| Non-fiction | Ashok Vihar | Ashok Vihar | 18/03/2024 | DBAD | 200.00 | GHO 330.954 | EN-123262 | 1 | 200.00 | English Books |
